[Event "FRA-ch 88th"]
[Site "Nancy"]
[Date "2013.08.14"]
[Round "4"]
[White "Le Roux, Jean Pierre"]
[Black "Tkachiev, Vladislav"]
[Result "0-1"]
[WhiteElo "2588"]
[BlackElo "2637"]
[PlyCount "116"]
[EventDate "2013.08.11"]
[EventType "tourn"]
[EventRounds "11"]
[EventCountry "FRA"]
[EventCategory "14"]
[SourceTitle "CBM 156"]
[Source "ChessBase"]
[SourceDate "2013.09.17"]
[SourceVersion "1"]
[SourceVersionDate "2013.09.17"]
[SourceQuality "1"]

1. d4 Nf6 2. c4 e6 3. Nf3 b6 4. g3 Bb7 5. Bg2 Be7 6. O-O O-O 7. Nc3 Ne4 8. Bd2
Bf6 9. Ne5 Nxc3 10. Bxc3 Bxg2 11. Kxg2 c5 12. Nf3 cxd4 13. Bxd4 Be7 14. Qd3 Nc6
15. Bc3 d6 16. Rfd1 Rc8 17. h4 h6 18. Rac1 Qc7 19. Qe4 Qb7 20. b3 Rfd8 21. Nd4
Na5 22. Qf3 Qxf3+ 23. Kxf3 Nb7 24. Bb4 a6 25. e3 Rc7 26. Ba3 Rdc8 27. Ke2 Kf8
28. Bb2 Nc5 29. f4 h5 30. Kf3 g6 31. e4 Ke8 32. Rc2 Nd7 33. Rcd2 Nf6 34. Ne2
Ng4 35. Bd4 Rb7 36. Rd3 f5 37. Nc3 b5 38. cxb5 axb5 39. R1d2 b4 40. Na4 e5 41.
fxe5 dxe5 42. Bb2 Nf6 43. Re3 Nxe4 44. Rxe4 fxe4+ 45. Kxe4 Rd8 46. Rc2 Rd1 47.
Rc6 Kf7 48. Nb6 Rd6 49. Nc4 Rxc6 50. Nxe5+ Ke6 51. Nxc6 Bf6 52. Bd4 Bxd4 53.
Kxd4 Kf5 54. Ke3 Rb6 55. Ne7+ Kg4 56. Nd5 Rb5 57. Nf4 Kxg3 58. Nxg6 Ra5 0-1

[Event "FRA-ch 88th"]
[Site "Nancy"]
[Date "2013.08.19"]
[Round "8"]
[White "Cornette, Matthieu"]
[Black "Tkachiev, Vladislav"]
[Result "0-1"]
[WhiteElo "2592"]
[BlackElo "2637"]
[PlyCount "158"]
[EventDate "2013.08.11"]
[EventType "tourn"]
[EventRounds "11"]
[EventCountry "FRA"]
[EventCategory "14"]
[SourceTitle "CBM 156"]
[Source "ChessBase"]
[SourceDate "2013.09.17"]
[SourceVersion "1"]
[SourceVersionDate "2013.09.17"]
[SourceQuality "1"]

1. e4 e5 2. Nf3 Nc6 3. d4 exd4 4. Nxd4 Bc5 5. Nb3 Bb6 6. Nc3 Nf6 7. Qe2 O-O 8.
Bg5 h6 9. Bh4 a5 10. O-O-O a4 11. Nd2 Bd4 12. Nb5 a3 13. Nc4 Bxb2+ 14. Kb1 d6
15. Nxb2 axb2 16. f4 Bg4 17. Bxf6 Bxe2 18. Bxd8 Bxd1 19. Bxc7 Nb4 20. a3 Bxc2+
21. Kxb2 Na6 22. Bxd6 Rfc8 23. Nc3 Nc5 24. e5 Bf5 25. Bb5 Ne4 26. Nxe4 Bxe4 27.
Re1 Bc6 28. Bxc6 Rxc6 29. Bb4 Rac8 30. Re2 Rc4 31. g3 Rd4 32. Re3 Rcc4 33. Kb3
Re4 34. Rd3 Red4 35. Re3 Re4 36. Rd3 b5 37. Rd8+ Kh7 38. Rd7 Re3+ 39. Kb2 Re2+
40. Kb3 Re3+ 41. Kb2 Kg6 42. f5+ Kxf5 43. Rxf7+ Kg6 44. Rb7 Rxe5 45. Bf8 Re2+
46. Kb3 Re3+ 47. Kb2 Rd4 48. Kc2 Rd8 49. Bxg7 Re2+ 50. Kc3 Rxh2 51. Be5 Rd5 52.
Bf4 h5 53. Bb8 Rh1 54. Re7 Ra1 55. Kb2 Rf1 56. Kc3 Rf8 57. Rb7 Rc8+ 58. Kb3 Rc1
59. Bf4 Rf1 60. Rb6+ Kf5 61. Bb8 Kg4 62. Kb4 Rb1+ 63. Kc3 Rc5+ 64. Kd4 Rc4+ 65.
Kd5 Rc3 66. Be5 Rxa3 67. Rg6+ Kf5 68. Rf6+ Kg5 69. Rf8 Ra6 70. Ke4 Re1+ 71. Kd5
Rg6 72. Rf4 Rg8 73. Bf6+ Kh6 74. Bh4 Rb1 75. Ke6 Rg6+ 76. Kf7 Ra1 77. Be7 Ra7
78. g4 Rg7+ 79. Kf8 Rgxe7 0-1

[Event "FRA-ch 88th"]
[Site "Nancy"]
[Date "2013.08.22"]
[Round "11"]
[White "Tkachiev, Vladislav"]
[Black "Edouard, Romain"]
[Result "1-0"]
[WhiteElo "2637"]
[BlackElo "2662"]
[PlyCount "129"]
[EventDate "2013.08.11"]
[EventType "tourn"]
[EventRounds "11"]
[EventCountry "FRA"]
[EventCategory "14"]
[SourceTitle "CBM 156"]
[Source "ChessBase"]
[SourceDate "2013.09.17"]
[SourceVersion "1"]
[SourceVersionDate "2013.09.17"]
[SourceQuality "1"]

1. d4 d5 2. c4 e6 3. Nc3 c5 4. e3 Nf6 5. Nf3 Nc6 6. a3 cxd4 7. exd4 Be7 8. c5
Ne4 9. Bb5 Nxc3 10. bxc3 Bd7 11. O-O b6 12. cxb6 Qxb6 13. Bd3 Qc7 14. Re1 O-O
15. Ng5 Bxg5 16. Bxg5 Rae8 17. Re3 f5 18. Qh5 Rf7 19. Rh3 g6 20. Qd1 f4 21. Rh6
e5 22. Bxg6 hxg6 23. Rxg6+ Rg7 24. Qh5 Re6 25. Rh6 Rxh6 26. Bxh6 exd4 27. Bxg7
Kxg7 28. Qg5+ Kf7 29. Qxd5+ Be6 30. Qh5+ Kg7 31. Re1 Qd6 32. cxd4 Nxd4 33. Qg5+
Kf7 34. Qh5+ Kg7 35. Qg5+ Kf7 36. f3 Nf5 37. h4 Qd4+ 38. Kh2 Ne3 39. Rb1 Bd5
40. h5 Qf6 41. Qxf6+ Kxf6 42. Rb4 Kg5 43. h6 Kxh6 44. Rxf4 a5 45. Rd4 Bf7 46.
g4 Kg7 47. Kg3 Nc4 48. a4 Nb6 49. Rd6 Nxa4 50. Ra6 Nc3 51. Rxa5 Ne2+ 52. Kf2
Nf4 53. Ke3 Nd5+ 54. Ke4 Nf6+ 55. Kf5 Bg6+ 56. Kg5 Bf7 57. Ra7 Nh7+ 58. Kf5 Nf8
59. f4 Ne6 60. Ke5 Nc5 61. g5 Kf8 62. f5 Be8 63. g6 Nd7+ 64. Ke6 Nc5+ 65. Kd5
1-0

[Event "EU-chT (Men) 20th"]
[Site "Reykjavik"]
[Date "2015.11.17"]
[Round "5.4"]
[White "Tkachiev, Vladislav"]
[Black "Ibarra Jerez, Jose Carlos"]
[Result "1-0"]
[WhiteElo "2658"]
[BlackElo "2545"]
[Annotator "Szabo,Kr"]
[PlyCount "79"]
[EventDate "2015.11.13"]
[EventType "team-swiss"]
[EventRounds "9"]
[EventCountry "ISL"]
[SourceTitle "CBM 170"]
[Source "ChessBase"]
[SourceDate "2016.01.15"]
[SourceVersion "1"]
[SourceVersionDate "2016.01.15"]
[SourceQuality "1"]
[WhiteTeam "France"]
[BlackTeam "Spain"]
[WhiteTeamCountry "FRA"]
[BlackTeamCountry "ESP"]

1. d4 Nf6 2. Nf3 g6 3. c4 d6 4. g3 Bg7 5. Bg2 O-O 6. Nc3 Nc6 7. O-O Bf5 8. Ne1
Na5 9. e4 Bg4 10. f3 Bd7 11. Qe2 c5 12. dxc5 Be6 13. Nd5 b5 $5 $146 {A very
ambitious novelty by Ibarra!} ({In the event of} 13... dxc5 14. Be3 Nd7 (14...
b6 $5) 15. f4 Nc6 16. e5 $1 (16. h3 Nd4 17. Qf2 b5 (17... Nb6 $2 {is bad, as}
18. Rc1 f5 19. Nd3 $16 {Fedoseev-Matinian, Sochi 2012, and White is better.})
18. Nc2 bxc4 19. Nxd4 cxd4 20. Bxd4 Bxd4 21. Qxd4 Rc8 {with a balanced
position.}) 16... f6 17. f5 $1 {A very strong move!} Bxf5 18. g4 fxe5 (18...
Be6 {could have been met by} 19. Nf4 $18 {and White wins.}) 19. gxf5 gxf5 20.
Bg5 $16 {Cornette-Kurnosov, Chalkidiki 2003, and White's chances are better.})
14. cxd6 exd6 15. Nc2 ({is bad, because of} 15. cxb5 $2 Nxd5 16. exd5 Bxd5 $36
{and Black has a wonderful initiative for the P.}) 15... Nxc4 $6 {An
inaccuracy, because White can gain some tempi.} (15... Rc8 $1 {was more
accurate} 16. Bg5 (16. cxb5 $6 Nxd5 17. exd5 Bf5 $1 {followed by ...Re8 and
Black has a fantastic attack for the Ps.}) 16... Nxc4 17. Nxf6+ Bxf6 18. Bxf6
Qxf6 19. b3 Nb6 20. Rad1 Qb2 $1 {and Black tries to create some counterplay.})
16. Nf4 $1 Bd7 (16... Nd7 {opens the long diagonal for the g7-B, however} 17.
Rb1 Qa5 18. a3 Rac8 19. Rd1 $14 {is also comfortable for White.}) 17. b3 Ne5
18. Bb2 a5 ({In the event of} 18... Rc8 19. Rfd1 Qb6+ 20. Ne3 $14 {and White
is slightly better.}) 19. Rfd1 Qb8 (19... Qb6+ 20. Qe3 $1 $14) 20. Ne3 b4 21.
Qd2 $1 {White takes under pressure the d6-P, Black's position becomes
difficult.} Ra6 22. Kh1 $1 {A very useful move. The K simply avoids the g1-a7
pin.} Bb5 23. Nfd5 $16 {White has a great position, he controls a d5-square,
his pieces are powerful and he is ready for the advance with f4.} Nfd7 24. f4
Nd3 25. Bxg7 Kxg7 26. a4 bxa3 27. Nc3 (27. Rxa3 {was more simply,} Nb4 28. Nxb4
axb4 29. Qxb4 $18 {and White is a healthy P up.}) 27... N3c5 (27... Nb2 {
could have been met by} 28. Rdb1 Bd3 29. Rxa3 $1 Bxb1 30. Nxb1 $18 {and the N
is trapped.} ({but not} 30. Qxb2 $2 Bd3 31. Ncd5+ f6 $13)) 28. Nxb5 Qxb5 29.
Bf1 Qb4 30. Bxa6 Qxe4+ $6 {Loses faster, but Black's position was already bad.}
(30... Nxa6 {was tougher, but} 31. Qd4+ f6 32. Nc4 {is also really bad for
Black.}) 31. Kg1 Nxa6 32. Rxa3 Re8 33. Nd5 Nb4 34. Rxa5 Nxd5 35. Rxd5 Qf3 36.
Rd3 Qh5 37. Re1 Qc5+ 38. Kf1 Rc8 39. Rxd6 Nf6 40. Qd4 1-0